| 000 | 00475nam a2200181Ia 4500 | ||
|---|---|---|---|
| 008 | 230711s9999||||xx |||||||||||||| ||und|| | ||
| 020 | _a978-81-265-3369-5 | ||
| 041 | _aENG | ||
| 082 |
_a4.6 _bKA-P |
||
| 100 | _aKarl,Holger | ||
| 245 | 0 | _aProtocols and Architectures : For Wireless Sensor Networks | |
| 250 | _a1st Ed. | ||
| 260 |
_c2005 _aNew Delhi _bWiley India Pvt.Ltd |
||
| 300 | _a497p. | ||
| 650 | _aComputer Engineering | ||
| 700 | _aWillig,Andreas | ||
| 942 | _cBK | ||
| 999 |
_c6560 _d6560 |
||